Szczegóły MARC
| 000 -Nagłówek |
| fixed length control field |
01723cam a2200409 i 4500 |
| 001 - Nr kontrolny bibl., która utworzyła rek. |
| control field |
zz2004905712 |
| 003 - Siglum bibl., której nr kontr. jest w 001 |
| control field |
NUKAT |
| 005 - Data i czas ostatniej operacji |
| control field |
20260420192654.0 |
| 008 - Elementy pola stałej długości |
| fixed length control field |
040413s1935 pl a |001 0bfreoc |
| 035 ## - Systemowy numer kontrolny |
| systemowy numer kontrolny |
(OCoLC)168868755 |
| 035 ## - Systemowy numer kontrolny |
| systemowy numer kontrolny |
(NUKAT)zz2004905712 |
| 040 ## - Instytucja sporządzająca opis |
| Instytucja, która sporządziła opis |
GD U/ang |
| Instytucja, która sporządziła rekord |
GD U/ang |
| Instytucja, która zmodyfikowała rekord |
GD U/DC |
| -- |
GD U/KMs |
| -- |
GD U/EB |
| -- |
OLSZT 008/LL |
| 245 00 - Tytuł właściwy i oznaczenie odpow. |
| tytuł |
Etienne Batory : |
| dodatek do tytułu |
roi de Pologne, prince de Transylvanie / |
| dod. inf. ze s. tyt./ozn. odpow. |
Académie Polonaise des Sciences et des Lettres, Académie des Sciences Hongroise. |
| 260 ## - Adres wydawniczy |
| miejsce wydania, dystrybucji itp. |
Cracovie : |
| nazwa wydawcy, dystrybutora itp. |
Université des Jagellons, |
| data wydania, dystrybucji itp. |
1935. |
| 300 ## - Opis fizyczny |
| objętość i/lub forma materiału |
591 s., [4] k. tabl. złoż. : |
| inne szczegóły opisu fizycznego |
il. ; |
| format |
25 cm. |
| 336 ## - Content Type |
| Term |
Tekst |
| Code |
txt |
| Source |
rdacontent |
| 337 ## - Media Type |
| Term |
Bez urządzenia pośredniczącego |
| Code |
n |
| Source |
rdamedia |
| 338 ## - Carrier Type |
| Term |
Wolumin |
| Code |
nc |
| Source |
rdacarrier |
| 380 ## - Form of work |
| Form of work |
Książki |
| 504 ## - Uwaga o bibliografii |
| uwaga o bibliografii |
"Bibliographie Hongriose d'Etienne Báthory" s. 513-524. Indeks. |
| 504 ## - Uwaga o bibliografii |
| uwaga o bibliografii |
"Bibliographie Polonaise d'Etienne Batory" s. 525-563. |
| 600 07 - Hasło przedmiotowe-nazwa osobowa |
| nazwa osobowa |
Stefan Batory |
| tyt., in. dopowiedz. dot. nazwy |
(król Polski ; |
| daty biograficzne |
1533-1586) |
| źródło hasła |
DBN |
| 9 (RLIN) |
40307 |
| 600 04 - Hasło przedmiotowe-nazwa osobowa |
| nazwa osobowa |
Stefan Batory |
| tyt., in. dopowiedz. dot. nazwy |
(król Polski ; |
| daty biograficzne |
1533-1586). |
| źródło hasła |
kaba |
| 9 (RLIN) |
231 |
| 648 #7 - SUBJECT ADDED ENTRY--CHRONOLOGICAL TERM |
| Chronological term |
1501-1600 |
| Source of heading or term |
DBN |
| 9 (RLIN) |
36032 |
| 650 #7 - Hasło przedmiotowe-nazwa pospolita |
| nazwa pospolita lub geogr. |
Władcy i władczynie |
| źródło hasła |
DBN |
| 9 (RLIN) |
35698 |
| 651 #7 - Hasło przedmiotowe-nazwa geogr. |
| nazwa geograficzna |
Polska |
| źródło hasła |
DBN |
| 9 (RLIN) |
35076 |
| 651 #7 - Hasło przedmiotowe-nazwa geogr. |
| nazwa geograficzna |
Siedmiogród (Rumunia ; kraina historyczna) |
| źródło hasła |
DBN |
| 9 (RLIN) |
36215 |
| 651 #7 - Hasło przedmiotowe-nazwa geogr. |
| nazwa geograficzna |
Polska |
| określnik chronologiczny |
1575-1586 (Stefan Batory). |
| źródło hasła |
kaba |
| 9 (RLIN) |
35490 |
| 651 #7 - Hasło przedmiotowe-nazwa geogr. |
| nazwa geograficzna |
Siedmiogród (Rumunia) |
| określnik chronologiczny |
1526-1691. |
| źródło hasła |
kaba |
| 9 (RLIN) |
40306 |
| 655 #7 - Termin określający rodzaj/formę |
| rodzaj/forma |
Biografia |
| źródło terminu |
DBN |
| 9 (RLIN) |
35059 |
| 658 ## - Nazwa określająca cel programu nauczania |
| główny cel programu nauczania |
Historia |
| 658 ## - Nazwa określająca cel programu nauczania |
| główny cel programu nauczania |
Polityka, politologia, administracja publiczna |
| 710 2# - Hasło dodatkowe - nazwa ciała zbior. |
| nazwa ciała zbior. lub nazwa geogr. |
Polska Akademia Umiejętności (1919-1952). |
| 9 (RLIN) |
1634 |
| 710 2# - Hasło dodatkowe - nazwa ciała zbior. |
| nazwa ciała zbior. lub nazwa geogr. |
Magyar Tudományos Akadémia. |
| 9 (RLIN) |
40305 |
| 710 2# - Hasło dodatkowe - nazwa ciała zbior. |
| nazwa ciała zbior. lub nazwa geogr. |
Uniwersytet Jagielloński. |
| rodzaj współpracy |
Wydawca |
| kod rodzaju współpracy |
pbl |
| 942 ## - ADDED ENTRY ELEMENTS (KOHA) |
| Source of classification or shelving scheme |
Dewey Decimal Classification |
| Koha item type |
pozycje dostępne na miejscu |